[Event "Roquetas de Mar op 35th"]
[Site "Roquetas de Mar"]
[Date "2024.01.06"]
[Round "8"]
[White "Korneev, Svyatoslav"]
[Black "Lazaro Azcutia, Miguel"]
[Result "1/2-1/2"]
[WhiteElo "2248"]
[BlackElo "2044"]
[PlyCount "174"]
[EventDate "2024.01.02"]
[EventType "swiss"]
[EventRounds "9"]
[EventCountry "ESP"]
[SourceTitle "CB02_2024"]
[SourceDate "2024.01.10"]
[SourceVersion "1"]
[SourceVersionDate "2024.01.10"]
[SourceQuality "1"]

1. c4 e6 2. Nf3 d5 3. b3 Nf6 4. g3 Be7 5. Bg2 0-0 6. 0-0 a5 7. Nc3 c6 8. d4 Nbd7 9. Qc2 b6 10. Rd1 Ba6 11. Nd2 b5 12. e4 bxc4 13. bxc4 dxc4 14. Na4 c5 15. dxc5 Nxc5 16. Nxc4 Qc7 17. Nxc5 Qxc5 18. Ba3 Qxc4 19. Qxc4 Bxc4 20. Bxe7 Rfe8 21. Bxf6 gxf6 22. e5 Ra6 23. exf6 e5 24. Bd5 Bxd5 25. Rxd5 Rxf6 26. Rxa5 Rb8 27. a4 Rb2 28. Rb5 Re2 29. Rf1 Ra2 30. Rxe5 Rxa4 31. h4 Ra2 32. Kg2 h6 33. g4 Ra3 34. f3 Kg7 35. Kg3 Rb3 36. Ra5 Rc3 37. g5 hxg5 38. hxg5 Rd6 39. Kg4 f6 40. Ra7+ Kg6 41. gxf6 Rxf6 42. Ra4 Rfc6 43. f4 R3c4 44. Ra5 R6c5 45. Ra6+ Rc6 46. Rfa1 Kf6 47. R1a5 R4c5 48. Ra3 Rc3 49. Rxc6+ Rxc6 50. Rh3 Rc4 51. Rh6+ Kg7 52. Ra6 Rc5 53. Ra7+ Kg6 54. Ra8 Rb5 55. Rf8 Ra5 56. Rg8+ Kf7 57. Rh8 Ra6 58. Rh5 Rc6 59. Ra5 Rb6 60. Rh5 Kg6 61. Rf5 Ra6 62. Rf8 Rb6 63. Ra8 Rc6 64. Rh8 Ra6 65. Rh1 Rb6 66. f5+ Kg7 67. Kg5 Rb2 68. Re1 Rg2+ 69. Kf4 Rf2+ 70. Ke5 Kf7 71. Re3 Rf1 72. Re2 Ra1 73. Rg2 Re1+ 74. Kf4 Rf1+ 75. Kg5 Ra1 76. Rf2 Rg1+ 77. Kf4 Re1 78. Rf3 Rg1 79. Re3 Rf1+ 80. Ke5 Ra1 81. Re4 Rd1 82. Rg4 Re1+ 83. Kf4 Rf1+ 84. Kg5 Rh1 85. f6 Kf8 86. Ra4 Rg1+ 87. Kf5 Rf1+ 1/2-1/2

[Event "Baleares-chT"]
[Site "Palma de Mallorca"]
[Date "2022.01.29"]
[Round "2.4"]
[White "Antich Fernandez, Marta Isabel"]
[Black "Korneev, Svyatoslav"]
[Result "0-1"]
[WhiteElo "1789"]
[BlackElo "2174"]
[PlyCount "59"]
[EventDate "2022.01.22"]
[EventType "team-tourn"]
[EventRounds "7"]
[EventCountry "ESP"]
[SourceTitle "EXT 2023"]
[Source "ChessBase"]
[SourceDate "2022.10.05"]
[SourceVersion "1"]
[SourceVersionDate "2022.10.05"]
[SourceQuality "1"]
[WhiteTeam "Mallorca Isolani"]
[BlackTeam "Agora Megaescacs"]
[WhiteTeamCountry "ESP"]
[BlackTeamCountry "ESP"]

1. e4 e6 2. d4 d5 3. e5 c5 4. c3 Nc6 5. Nf3 Bd7 6. Na3 cxd4 7. cxd4 Qb6 8. Nc2 Rc8 9. Bd3 Nb4 10. Nxb4 Bxb4+ 11. Bd2 Ne7 12. 0-0 Bxd2 13. Qxd2 Bb5 14. a4 Bxd3 15. Qxd3 0-0 16. b3 Rc6 17. a5 Qc7 18. Qd2 Rc8 19. Ne1 Rc3 20. Nd3 Nf5 21. Nc1 Rc2 22. Qf4 Qc3 23. Na2 Qxb3 24. g4 Nh4 25. Qg3 Nf3+ 26. Kg2 Nxd4 27. Rfb1 Qxg3+ 28. hxg3 Re2 29. Nb4 h6 30. Ra3 0-1

[Event "Calvia Amateur op 17th"]
[Site "Calvia"]
[Date "2020.10.15"]
[Round "6"]
[White "Maldonado Mena, German"]
[Black "Korneev, Svyatoslav"]
[Result "1/2-1/2"]
[WhiteElo "2066"]
[BlackElo "2170"]
[PlyCount "52"]
[EventDate "2020.10.10"]
[EventType "swiss"]
[EventRounds "9"]
[EventCountry "ESP"]
[SourceTitle "CBM 198 Extra"]
[Source "ChessBase"]
[SourceDate "2020.11.30"]
[SourceVersion "1"]
[SourceVersionDate "2020.11.30"]
[SourceQuality "1"]

1. e4 e6 2. d4 d5 3. Bd3 dxe4 4. Bxe4 Nf6 5. Bf3 Nbd7 6. Ne2 Bd6 7. 0-0 0-0 8. Ng3 e5 9. Nf5 e4 10. Bxe4 Nxe4 11. Qg4 g6 12. Nh6+ Kg7 13. Qxe4 f5 14. Qf3 Be7 15. Qg3 Nf6 16. Nc3 Nh5 17. Qe5+ Bf6 18. Qe2 Bg5 19. g4 Bxc1 20. Raxc1 Qg5 21. f4 Nxf4 22. Qe5+ Kxh6 23. Rxf4 Re8 24. Qxe8 Qxf4 25. Qf8+ Kg5 26. Qe7+ Kh6 1/2-1/2

[Event "Calvia Amateur op 17th"]
[Site "Calvia"]
[Date "2020.10.14"]
[Round "5"]
[White "Korneev, Svyatoslav"]
[Black "Ponce Cano, Adrian"]
[Result "1/2-1/2"]
[WhiteElo "2170"]
[BlackElo "2169"]
[PlyCount "33"]
[EventDate "2020.10.10"]
[EventType "swiss"]
[EventRounds "9"]
[EventCountry "ESP"]
[SourceTitle "CBM 198 Extra"]
[Source "ChessBase"]
[SourceDate "2020.11.30"]
[SourceVersion "1"]
[SourceVersionDate "2020.11.30"]
[SourceQuality "1"]

1. c4 e5 2. g3 Nc6 3. Bg2 g6 4. Nc3 Bg7 5. Rb1 a5 6. a3 f5 7. d3 Nf6 8. e3 0-0 9. Nge2 d6 10. Nd5 Ne7 11. Nxf6+ Bxf6 12. 0-0 c6 13. f4 Be6 14. b4 axb4 15. Rxb4 Qd7 16. Bb2 g5 17. Qa1 1/2-1/2

[Event "Calvia Amateur op 17th"]
[Site "Calvia"]
[Date "2020.10.12"]
[Round "3"]
[White "Korneev, Svyatoslav"]
[Black "Penas Fuster, Jaime"]
[Result "1-0"]
[WhiteElo "2170"]
[BlackElo "1934"]
[PlyCount "107"]
[EventDate "2020.10.10"]
[EventType "swiss"]
[EventRounds "9"]
[EventCountry "ESP"]
[SourceTitle "CBM 198 Extra"]
[Source "ChessBase"]
[SourceDate "2020.11.30"]
[SourceVersion "1"]
[SourceVersionDate "2020.11.30"]
[SourceQuality "1"]

1. c4 g6 2. g3 Bg7 3. Bg2 c5 4. Nc3 d6 5. d3 e5 6. Qd2 Nc6 7. e3 Nge7 8. Nge2 0-0 9. b3 Be6 10. Bb2 Rb8 11. h4 d5 12. cxd5 Nxd5 13. Ne4 Qe7 14. Ng5 Rfd8 15. Nxe6 Qxe6 16. 0-0 Ndb4 17. Nc1 Nxd3 18. Nxd3 Nb4 19. Nxc5 Rxd2 20. Nxe6 Rxb2 21. Nxg7 Kxg7 22. Rfb1 Rd2 23. a3 Nc6 24. Rd1 Rbd8 25. Rxd2 Rxd2 26. b4 Kf6 27. Bxc6 bxc6 28. Rc1 Rd6 29. e4 Ke6 30. Rc5 f6 31. Kf1 Ke7 32. Ke2 Kd8 33. Ra5 Rd7 34. Ra6 Rc7 35. f4 exf4 36. gxf4 Ke7 37. Ke3 h6 38. Kd4 Kd6 39. b5 g5 40. fxg5 fxg5 41. e5+ Kd7 42. hxg5 hxg5 43. bxc6+ Rxc6 44. Rxa7+ Ke6 45. Rg7 Kf5 46. Rf7+ Kg4 47. Ra7 Kf3 48. Kd5 Rc1 49. e6 Rd1+ 50. Kc6 Rc1+ 51. Kd7 Rd1+ 52. Kc8 g4 53. e7 Re1 54. Kd8 1-0

[Event "ESP-chT CECLUB Div1"]
[Site "Linares"]
[Date "2020.10.09"]
[Round "7.5"]
[White "Korneev, Svyatoslav"]
[Black "Martinez Ramirez, Erik"]
[Result "1/2-1/2"]
[WhiteElo "2170"]
[BlackElo "2231"]
[PlyCount "126"]
[EventDate "2020.10.03"]
[EventType "team-tourn"]
[EventRounds "7"]
[EventCountry "ESP"]
[SourceTitle "CBM 198 Extra"]
[Source "ChessBase"]
[SourceDate "2020.11.30"]
[SourceVersion "1"]
[SourceVersionDate "2020.11.30"]
[SourceQuality "1"]
[WhiteTeam "Santa Lucia Grandama"]
[BlackTeam "Barbera"]
[WhiteTeamCountry "ESP"]
[BlackTeamCountry "ESP"]

1. c4 Nf6 2. g3 g6 3. Bg2 d5 4. cxd5 Nxd5 5. Nc3 Nb6 6. d3 Bg7 7. Be3 0-0 8. h4 Nc6 9. h5 Nd4 10. hxg6 hxg6 11. Bh6 Bxh6 12. Rxh6 Kg7 13. Rh4 Rh8 14. Rxh8 Qxh8 15. Nf3 Bh3 16. Nxd4 Bxg2 17. Kd2 c5 18. Nc2 Bc6 19. Ne3 c4 20. Kc2 cxd3+ 21. exd3 Rd8 22. Qe2 Kg8 23. Rd1 Qd4 24. Kb1 Na4 25. Nxa4 Bxa4 26. Nc2 Qf6 27. b3 Bc6 28. Qe3 a5 29. f4 a4 30. Qe5 axb3 31. axb3 Qxe5 32. fxe5 Be4 33. Ne1 Rd4 34. Rd2 e6 35. Kb2 Bc6 36. Re2 Kg7 37. Re3 g5 38. Kc3 Rd8 39. d4 Kg6 40. Nd3 Kf5 41. Nf2 Rh8 42. Nd1 Rh1 43. Rd3 Rg1 44. Ne3+ Ke4 45. Nc4 Rc1+ 46. Kd2 Rd1+ 47. Kxd1 Kxd3 48. Nd6 Kxd4 49. Nxf7 g4 50. Kd2 Bd5 51. Nh6 Bxb3 52. Nxg4 Bd5 53. Nf2 Kxe5 54. Ke3 Bc4 55. Ng4+ Kf5 56. Nh6+ Kg5 57. Nf7+ Kf6 58. Nd6 Bd5 59. Kd4 Kg5 60. Ke5 b6 61. Nb5 Bc4 62. Nc7 b5 63. Nxb5 Bxb5 1/2-1/2

[Event "ESP-chT CECLUB Div1"]
[Site "Linares"]
[Date "2020.10.07"]
[Round "5.5"]
[White "Korneev, Svyatoslav"]
[Black "Travadon, Loic"]
[Result "1/2-1/2"]
[WhiteElo "2170"]
[BlackElo "2422"]
[PlyCount "111"]
[EventDate "2020.10.03"]
[EventType "team-tourn"]
[EventRounds "7"]
[EventCountry "ESP"]
[SourceTitle "CBM 198 Extra"]
[Source "ChessBase"]
[SourceDate "2020.11.30"]
[SourceVersion "1"]
[SourceVersionDate "2020.11.30"]
[SourceQuality "1"]
[WhiteTeam "Santa Lucia Grandama"]
[BlackTeam "Sestao"]
[WhiteTeamCountry "ESP"]
[BlackTeamCountry "ESP"]

1. c4 g6 2. g3 Bg7 3. Nc3 d6 4. Bg2 e5 5. d3 f5 6. e3 Nf6 7. Nge2 0-0 8. 0-0 c6 9. Rb1 Be6 10. b3 d5 11. cxd5 cxd5 12. Bb2 Nc6 13. Na4 b6 14. Rc1 Rc8 15. Qd2 Rf7 16. Rc2 Rfc7 17. Ba3 Bf8 18. Bxf8 Qxf8 19. Rfc1 Bf7 20. b4 Qd6 21. b5 Na5 22. Rxc7 Rxc7 23. Rxc7 Qxc7 24. Qc3 Qe7 25. Nb2 Kg7 26. d4 e4 27. h4 h6 28. Bh3 Qd7 29. a4 g5 30. hxg5 hxg5 31. g4 fxg4 32. Bf1 Nh5 33. Ng3 Nxg3 34. fxg3 Be6 35. Be2 Nb7 36. Nd1 Nd6 37. Nf2 Kf8 38. Kg2 Ke7 39. Qc1 Kd8 40. Qh1 Kc7 41. Qc1+ Kb8 42. Qh1 Kb7 43. Qh8 Nf5 44. Nxg4 Nh4+ 45. Kg1 Bxg4 46. Bxg4 Nf3+ 47. Bxf3 exf3 48. Qe5 g4 49. e4 a6 50. Qf5 Qc7 51. Qxg4 axb5 52. axb5 Qc1+ 53. Kf2 Qd2+ 54. Kxf3 Qd3+ 55. Kg2 dxe4 56. Qd7+ 1/2-1/2

[Event "ESP-chT CECLUB Div1"]
[Site "Linares"]
[Date "2020.10.06"]
[Round "4.5"]
[White "Martinez Piqueras, Carlos Gustavo"]
[Black "Korneev, Svyatoslav"]
[Result "1/2-1/2"]
[WhiteElo "2200"]
[BlackElo "2170"]
[PlyCount "60"]
[EventDate "2020.10.03"]
[EventType "team-tourn"]
[EventRounds "7"]
[EventCountry "ESP"]
[SourceTitle "CBM 198 Extra"]
[Source "ChessBase"]
[SourceDate "2020.11.30"]
[SourceVersion "1"]
[SourceVersionDate "2020.11.30"]
[SourceQuality "1"]
[WhiteTeam "Virgen de Atocha"]
[BlackTeam "Santa Lucia Grandama"]
[WhiteTeamCountry "ESP"]
[BlackTeamCountry "ESP"]

1. e4 e6 2. d4 d5 3. Nd2 c5 4. exd5 Qxd5 5. Ngf3 cxd4 6. Bc4 Qd7 7. 0-0 Nc6 8. Nb3 Nf6 9. Nbxd4 Nxd4 10. Nxd4 a6 11. Re1 Bc5 12. c3 0-0 13. Bg5 Bxd4 14. cxd4 Nd5 15. a4 b6 16. Ra3 f6 17. Bd2 Rb8 18. Qh5 g6 19. Qe2 b5 20. axb5 axb5 21. Ba2 b4 22. Rg3 Qd6 23. h4 Rf7 24. h5 g5 25. h6 Bd7 26. Qe4 Kh8 27. Rf3 Rg8 28. Bb1 Rg6 29. g3 Kg8 30. Qg4 f5 1/2-1/2

[Event "ESP-chT CECLUB Div1"]
[Site "Linares"]
[Date "2020.10.04"]
[Round "2.1"]
[White "Vela Frago, Alberto"]
[Black "Korneev, Svyatoslav"]
[Result "0-1"]
[WhiteElo "2071"]
[BlackElo "2170"]
[PlyCount "138"]
[EventDate "2020.10.03"]
[EventType "team-tourn"]
[EventRounds "7"]
[EventCountry "ESP"]
[SourceTitle "CBM 198 Extra"]
[Source "ChessBase"]
[SourceDate "2020.11.30"]
[SourceVersion "1"]
[SourceVersionDate "2020.11.30"]
[SourceQuality "1"]
[WhiteTeam "Stadium Casablanca"]
[BlackTeam "Santa Lucia Grandama"]
[WhiteTeamCountry "ESP"]
[BlackTeamCountry "ESP"]

1. Nf3 d5 2. g3 c6 3. Bg2 Nd7 4. c4 dxc4 5. Qc2 b5 6. b3 cxb3 7. axb3 Bb7 8. d4 Ngf6 9. 0-0 e6 10. Nc3 a6 11. Rd1 Be7 12. Bb2 c5 13. Rac1 0-0 14. e3 Rc8 15. Qe2 Qb6 16. Nb1 Bd5 17. Nbd2 Qb7 18. Ne1 Bxg2 19. Nxg2 cxd4 20. Bxd4 Rxc1 21. Rxc1 Rc8 22. Qd1 Rc7 23. Ne1 Qc8 24. Nd3 e5 25. Bb2 e4 26. Rxc7 Qxc7 27. Qc1 Qxc1+ 28. Nxc1 Bb4 29. Nb1 Nd5 30. Kf1 f5 31. Ke2 g6 32. Kd1 Nc5 33. Ba3 Kf7 34. Kc2 Bxa3 35. Nxa3 Nb4+ 36. Kc3 Nbd3 37. Nxd3 Nxd3 38. Nc2 Nxf2 39. Kb4 Ke6 40. Ka5 Kd5 41. Nb4+ Kd6 42. Nc2 Kc5 43. Kxa6 Nd3 44. Ka5 b4 45. Nd4 Ne5 46. Ne6+ Kd6 47. Nd4 Ng4 48. Kxb4 Nxe3 49. Ne2 g5 50. Kc3 Ke5 51. b4 Nd5+ 52. Kc4 f4 53. gxf4+ gxf4 54. b5 f3 55. Ng3 Nb6+ 56. Kc3 Na4+ 57. Kd2 Nb6 58. Ke3 Nc4+ 59. Kf2 Kd4 60. h4 Kd3 61. Nf5 h5 62. Ng3 Ne5 63. b6 e3+ 64. Ke1 e2 65. b7 Nc6 66. Nh1 Ke3 67. Nf2 Nd4 68. Nd1+ exd1Q+ 69. Kxd1 f2 0-1

[Event "Lorca op 7th"]
[Site "Lorca"]
[Date "2018.12.30"]
[Round "9"]
[White "Korneev, Svyatoslav"]
[Black "Nayhebaver, Martin"]
[Result "0-1"]
[WhiteElo "2134"]
[BlackElo "2460"]
[PlyCount "23"]
[EventDate "2018.12.26"]
[EventType "swiss"]
[EventRounds "9"]
[EventCountry "ESP"]
[SourceTitle "CBM 188 Extra"]
[Source "ChessBase"]
[SourceDate "2019.02.26"]
[SourceVersion "1"]
[SourceVersionDate "2019.02.26"]
[SourceQuality "1"]

1. c4 b6 2. Nf3 Bb7 3. g3 e6 4. Bg2 Nf6 5. b3 Be7 6. 0-0 0-0 7. Bb2 d5 8. cxd5 exd5 9. d4 c5 10. Nc3 Na6 11. e3 Re8 12. Qd2 0-1

[Event "Lorca op 7th"]
[Site "Lorca"]
[Date "2018.12.30"]
[Round "8"]
[White "Luch, Michal"]
[Black "Korneev, Svyatoslav"]
[Result "1/2-1/2"]
[WhiteElo "2360"]
[BlackElo "2134"]
[PlyCount "97"]
[EventDate "2018.12.26"]
[EventType "swiss"]
[EventRounds "9"]
[EventCountry "ESP"]
[SourceTitle "CBM 188 Extra"]
[Source "ChessBase"]
[SourceDate "2019.02.26"]
[SourceVersion "1"]
[SourceVersionDate "2019.02.26"]
[SourceQuality "1"]

1. e4 e6 2. d4 d5 3. Nd2 c5 4. exd5 Qxd5 5. Ngf3 cxd4 6. Bc4 Qd6 7. 0-0 Nf6 8. Nb3 Nc6 9. Nbxd4 Nxd4 10. Nxd4 a6 11. Re1 Qc7 12. Bb3 Bd6 13. h3 Bh2+ 14. Kh1 Bf4 15. Nf5 Bxc1 16. Qxc1 h6 17. c3 0-0 18. Nxh6+ gxh6 19. Qxh6 Nh7 20. Re3 Kh8 21. Rd1 Rg8 22. Rd4 f5 23. Bxe6 Bxe6 24. Qxe6 Rae8 25. Qxf5 Rxe3 26. fxe3 Qg3 27. Qf3 Qxf3 28. gxf3 Rg3 29. Rd8+ Kg7 30. Rd7+ Kg8 31. Rxb7 Rxf3 32. Kg2 Rxe3 33. Rb6 a5 34. h4 Kg7 35. h5 a4 36. h6+ Kf7 37. Kf2 Rh3 38. a3 Nf6 39. Ke1 Ne4 40. Kd1 Nxc3+ 41. bxc3 Rxc3 42. h7 Kg7 43. Rh6 Kh8 44. Rh4 Rxa3 45. Kc2 Rg3 46. Kb2 Rg7 47. Ka3 Rxh7 48. Rxh7+ Kxh7 49. Kxa4 1/2-1/2

[Event "Benidorm op U2300 17th"]
[Site "Benidorm"]
[Date "2018.12.05"]
[Round "6"]
[White "Goluch, Piotr"]
[Black "Korneev, Svyatoslav"]
[Result "1/2-1/2"]
[WhiteElo "2268"]
[BlackElo "2132"]
[PlyCount "89"]
[EventDate "2018.11.30"]
[EventType "swiss"]
[EventRounds "10"]
[EventCountry "ESP"]
[SourceTitle "EXT 2022"]
[Source "ChessBase"]
[SourceDate "2021.10.06"]
[SourceVersion "1"]
[SourceVersionDate "2021.10.06"]
[SourceQuality "1"]

1. Nf3 e6 2. g3 d5 3. Bg2 f5 4. 0-0 Nf6 5. d4 Bd6 6. c4 c6 7. Nbd2 0-0 8. Qc2 b6 9. Ne1 Qe7 10. Nd3 Nbd7 11. Rb1 a5 12. Nf3 Ba6 13. b3 Rac8 14. Bf4 c5 15. dxc5 Bxf4 16. gxf4 Nxc5 17. Nde5 Bb7 18. Nd4 Nfe4 19. e3 Nd7 20. Nxd7 Qxd7 21. Nf3 Qc7 22. Ne5 dxc4 23. bxc4 Rfd8 24. Rfd1 Rxd1+ 25. Rxd1 Rd8 26. Rxd8+ Qxd8 27. Bxe4 Bxe4 28. Qa4 b5 29. cxb5 Qd2 30. Qc4 Qe1+ 31. Qf1 Qb4 32. Qc1 h6 33. f3 Bd5 34. Kf2 Qxb5 35. Qc8+ Kh7 36. Nd7 Qb2+ 37. Kg3 Qe2 38. Nf8+ Kg8 39. Nxe6+ Kh7 40. Nf8+ Kg8 41. Nd7+ Kh7 42. Nf6+ Kg6 43. Nxd5 Qe1+ 44. Kg2 Qe2+ 45. Kg1 1/2-1/2

[Event "Benidorm op U2300 17th"]
[Site "Benidorm"]
[Date "2018.12.03"]
[Round "4"]
[White "Jemai, Akram"]
[Black "Korneev, Svyatoslav"]
[Result "1/2-1/2"]
[WhiteElo "2265"]
[BlackElo "2132"]
[PlyCount "109"]
[EventDate "2018.11.30"]
[EventType "swiss"]
[EventRounds "10"]
[EventCountry "ESP"]
[SourceTitle "EXT 2022"]
[Source "ChessBase"]
[SourceDate "2021.10.06"]
[SourceVersion "1"]
[SourceVersionDate "2021.10.06"]
[SourceQuality "1"]

1. d4 e6 2. Nf3 f5 3. h3 Nf6 4. g4 Be7 5. c4 d6 6. Nc3 c6 7. Rg1 0-0 8. gxf5 exf5 9. Bh6 Nh5 10. e3 Kh8 11. Bg5 Nf6 12. Bd3 Be6 13. Qc2 Qd7 14. Nh4 g6 15. Bh6 Rg8 16. Nf3 Na6 17. a3 Nc7 18. Ng5 Bf8 19. Bxf8 Rgxf8 20. Qe2 a6 21. Qf3 Rae8 22. Qf4 Bg8 23. 0-0-0 b5 24. c5 dxc5 25. dxc5 Ncd5 26. Qd4 Nxc3 27. Qxc3 Qe7 28. h4 Qe5 29. Qxe5 Rxe5 30. b4 a5 31. Nf3 Re7 32. Nd4 axb4 33. Nxc6 Rc7 34. Nxb4 Rxc5+ 35. Kb2 Ne4 36. Rc1 Bc4 37. Rc2 Rc7 38. Rgc1 Nd6 39. f3 Ra7 40. Rc3 Rfa8 41. Bb1 Nb7 42. e4 Nc5 43. Bc2 fxe4 44. fxe4 Re7 45. Re1 Re6 46. Rce3 Rae8 47. e5 Nd7 48. Kc3 Rxe5 49. Rxe5 Rxe5 50. Rxe5 Nxe5 51. a4 bxa4 52. Kd4 a3 53. Kxe5 a2 54. Nxa2 Bxa2 55. Ke4 1/2-1/2

[Event "Puerto del Rosario op U2300 "]
[Site "Puerto del Rosario"]
[Date "2018.09.29"]
[Round "6"]
[White "Rodriguez Redondo, Ethan"]
[Black "Korneev, Svyatoslav"]
[Result "1/2-1/2"]
[WhiteElo "1974"]
[BlackElo "2157"]
[PlyCount "139"]
[EventDate "2018.09.27"]
[EventType "swiss"]
[EventRounds "7"]
[EventCountry "ESP"]
[SourceTitle "CBM 187 Extra"]
[Source "ChessBase"]
[SourceDate "2018.11.04"]
[SourceVersion "1"]
[SourceVersionDate "2018.11.04"]
[SourceQuality "1"]

1. d4 e6 2. Nc3 d5 3. Bf4 Nf6 4. Nb5 Na6 5. e3 c6 6. Nc3 Qa5 7. a3 b5 8. b4 Qb6 9. Bd3 Nc7 10. Nce2 Be7 11. h3 0-0 12. Nf3 Ne4 13. 0-0 Bd7 14. Ne5 Be8 15. f3 Nd6 16. c3 f6 17. Ng4 h5 18. Nf2 Nc4 19. Qc1 a5 20. Bxc4 bxc4 21. e4 Bf7 22. e5 axb4 23. axb4 Rxa1 24. Qxa1 Ra8 25. Qb2 Qa7 26. exf6 Bxf6 27. Bxc7 Qxc7 28. Ra1 Rxa1+ 29. Qxa1 Bg6 30. Qa5 Qd7 31. Nf4 Bf7 32. Qa8+ Kh7 33. Qf8 e5 34. dxe5 Bxe5 35. Ne2 Bd6 36. Qa8 Qf5 37. Qa2 Qe5 38. Qd2 Be8 39. Kf1 c5 40. bxc5 Bxc5 41. Qf4 Qxf4 42. Nxf4 Bf7 43. h4 Be7 44. g3 Bf6 45. Nd1 d4 46. cxd4 Bxd4 47. Ke2 Be5 48. Ke3 Be8 49. Ne2 Bc6 50. Ndc3 Kg6 51. Nd1 Kf5 52. Ndc3 Ke6 53. Nf4+ Kd6 54. Nce2 Be8 55. Ke4 Bf6 56. Nc1 Kc5 57. g4 Bc6+ 58. Kf5 Bd7+ 59. Kg6 hxg4 60. fxg4 Bxg4 61. h5 Bd4 62. Kg5 Bd7 63. Nce2 Ba1 64. h6 gxh6+ 65. Kxh6 Be5 66. Kg5 Bc8 67. Ng6 Ba1 68. Kf4 Kd6 69. Ke3 Bd7 70. Ngf4 1/2-1/2

[Event "La Palma Island op"]
[Site "Santa Cruz de La Palma"]
[Date "2018.08.12"]
[Round "3"]
[White "Korneev, Svyatoslav"]
[Black "Vera Gonzalez Quevedo, Reynaldo"]
[Result "0-1"]
[WhiteElo "2157"]
[BlackElo "2429"]
[PlyCount "196"]
[EventDate "2018.08.10"]
[EventType "swiss"]
[EventRounds "10"]
[EventCountry "ESP"]
[SourceTitle "CBM 186 Extra"]
[Source "ChessBase"]
[SourceDate "2018.08.24"]
[SourceVersion "1"]
[SourceVersionDate "2018.08.24"]
[SourceQuality "1"]

1. c4 c5 2. Nc3 Nc6 3. g3 g6 4. Bg2 Bg7 5. Nf3 d6 6. 0-0 e6 7. a3 Nge7 8. b4 0-0 9. Rb1 b6 10. e3 Bb7 11. Ne2 Qc7 12. Bb2 Ne5 13. Nxe5 Bxg2 14. Kxg2 dxe5 15. b5 Rad8 16. Qc2 Qb7+ 17. f3 Rd6 18. Rbd1 Rfd8 19. Kg1 Qd7 20. Bc3 Nf5 21. Qe4 Rd3 22. Ra1 h5 23. a4 Bh6 24. g4 Nxe3 25. dxe3 Rxe3 26. Qc2 Qd3 27. Qxd3 Rdxd3 28. Ra2 Rxc3 29. Nxc3 Rxc3 30. gxh5 gxh5 31. a5 Rxc4 32. axb6 axb6 33. Ra6 Rb4 34. Rxb6 Be3+ 35. Kh1 c4 36. Rc6 Kg7 37. b6 Kf6 38. b7 Rxb7 39. Rxc4 Rb2 40. h4 Bf4 41. Kg1 Be3+ 42. Kh1 Kf5 43. Re4 Bf4 44. Kg1 Bh2+ 45. Kh1 Bg3 46. Kg1 Rh2 47. Ra1 Rxh4 48. Rxh4 Bxh4 49. Ra7 f6 50. Rh7 Kg6 51. Re7 Kf5 52. Rh7 Bg5 53. Rxh5 Kf4 54. Kf2 e4 55. Rh3 e5 56. Ke2 f5 57. Kf2 Be7 58. Ke2 exf3+ 59. Rxf3+ Kg4 60. Rc3 e4 61. Rc4 Kf4 62. Ra4 Bc5 63. Ra5 Bd4 64. Ra4 Ke5 65. Ra5+ Ke6 66. Ra6+ Kd5 67. Ra8 f4 68. Rd8+ Ke5 69. Re8+ Kf5 70. Rf8+ Kg4 71. Rg8+ Kh3 72. Rf8 Kg4 73. Rg8+ Kf5 74. Rf8+ Bf6 75. Kf2 Ke6 76. Ke2 Be5 77. Re8+ Kd5 78. Rd8+ Bd6 79. Kf2 Ke5 80. Re8+ Kf5 81. Rc8 f3 82. Ke3 Bf4+ 83. Kf2 Kg4 84. Rg8+ Bg5 85. Re8 e3+ 86. Kf1 Kf5 87. Rf8+ Ke4 88. Re8+ Kd3 89. Re6 Bf4 90. Re7 Bg5 91. Re6 Bf4 92. Re7 Bg3 93. Rd7+ Ke4 94. Re7+ Be5 95. Re8 Kd4 96. Rd8+ Kc3 97. Rc8+ Kd3 98. Rd8+ Bd4 0-1

[Event "ESP-ch 82nd"]
[Site "Las Palmas"]
[Date "2017.09.30"]
[Round "2"]
[White "Korneev, Svyatoslav"]
[Black "Asis Gargatagli, Hipolito"]
[Result "0-1"]
[WhiteElo "2168"]
[BlackElo "2519"]
[PlyCount "86"]
[EventDate "2017.09.29"]
[EventType "swiss"]
[EventRounds "9"]
[EventCountry "ESP"]
[SourceTitle "CBM 181 Extra"]
[Source "ChessBase"]
[SourceDate "2017.12.12"]
[SourceVersion "1"]
[SourceVersionDate "2017.12.12"]
[SourceQuality "1"]

1. c4 g6 2. g3 Bg7 3. Bg2 c5 4. Nc3 Nc6 5. Nf3 d6 6. d3 e6 7. 0-0 Nge7 8. Bd2 b6 9. Qc1 h6 10. a3 Bb7 11. e4 Qd7 12. Rb1 g5 13. h3 f5 14. exf5 Nxf5 15. Re1 0-0 16. Ne2 Rf7 17. Bc3 Raf8 18. Rf1 d5 19. g4 d4 20. Be1 Nfe7 21. Nd2 Ne5 22. Qc2 Bxg2 23. Kxg2 Qc6+ 24. Ne4 Rf3 25. b4 Nxd3 26. N2g3 Rxg3+ 27. fxg3 Qxe4+ 28. Kg1 Rxf1+ 29. Kxf1 Qf3+ 30. Kg1 Nxe1 31. Rxe1 d3 32. Qg2 d2 33. Qxd2 Bd4+ 34. Kh2 Bf2 35. Qd6 Bxe1 36. Qxe6+ Kf8 37. Qxe1 Qxa3 38. bxc5 Qxc5 39. Qe6 Qc6 40. Qe5 Qxc4 41. Qf6+ Ke8 42. Qxh6 Qe2+ 43. Kg1 Qc4 0-1